| 000 | 01034cam a22001934a 4500 | ||
|---|---|---|---|
| 005 | 20250605164340.0 | ||
| 008 | 250528s ||||||||||||||||||||||||d | ||
| 035 | _a23571 | ||
| 040 |
_aGR-AtMCL _bgre _dGR-AtMCL _eAACR2 |
||
| 245 | 1 | _aΚαινοτομία και Ανταγωνιστικότητα των Μικρομεσαίων Επιχειρήσεων σε Ελλάδα και Ε.Ε. | |
| 260 | _c2012 | ||
| 300 | _a41 | ||
| 520 | _aΠίνακες, Ευχαριστίες, Εισαγωγή, Καινοτομία ως Μορφή Στρατηγικής, Ανταγωνιστικότητα και ΜΜΕ, Γενικές Έννοιες και ο Ρόλος των ΜΜΕ, Περιγραφική Ανάλυση για τις ΜΜΕ σε Ελλάδα και σε Ευρώπη, Συμπεράσματα-Προτάσεις, Βιβλιογραφία, Παράρτημα Α και Β. | ||
| 700 | 1 |
_aΓωγός Στυλιανός _99154 |
|
| 700 | 1 |
_aΝότη Στέλλα _99157 |
|
| 942 | _cDS | ||
| 999 |
_c8572 _d8572 |
||